Một số ứng dụng của nguyên lý biến phân Ekeland trong tối ưu hóa : Luận văn tốt nghiệp cao học ngành: Toán giải tích
Đề tài trình bày nguyên lý biến phân Ekeland cùng các dạng tương đương của nó, các dạng mở rộng của nguyên lý biến phân Ekeland cho trường hợp hàm 2 biến và nhiễu tập.
Đã lưu trong:
| 主要作者: | |
|---|---|
| 格式: | 圖書 |
| 語言: | Undetermined |
| 出版: |
Cần Thơ
Trường Đại học Cần Thơ
2014
|
| 主題: | |
| 標簽: |
添加標簽
沒有標簽, 成為第一個標記此記錄!
|
| Thư viện lưu trữ: | Trung tâm Học liệu Trường Đại học Cần Thơ |
|---|
| LEADER | 01056nam a2200217Ia 4500 | ||
|---|---|---|---|
| 001 | CTU_192941 | ||
| 008 | 210402s9999 xx 000 0 und d | ||
| 082 | |a 515.64 | ||
| 082 | |b H401 | ||
| 088 | |a 604601 | ||
| 100 | |a Lê, Vĩnh Hòa | ||
| 245 | 0 | |a Một số ứng dụng của nguyên lý biến phân Ekeland trong tối ưu hóa : | |
| 245 | 0 | |b Luận văn tốt nghiệp cao học ngành: Toán giải tích | |
| 245 | 0 | |c Lê Vĩnh Hòa ; Đinh Ngọc Quý (Cán bộ hướng dẫn) | |
| 260 | |a Cần Thơ | ||
| 260 | |b Trường Đại học Cần Thơ | ||
| 260 | |c 2014 | ||
| 520 | |a Đề tài trình bày nguyên lý biến phân Ekeland cùng các dạng tương đương của nó, các dạng mở rộng của nguyên lý biến phân Ekeland cho trường hợp hàm 2 biến và nhiễu tập. | ||
| 650 | |a Calculus of variations,Phép tính biến phân | ||
| 910 | |a Hải | ||
| 980 | |a Trung tâm Học liệu Trường Đại học Cần Thơ | ||